[Event "Airthings Divisione 1"]
[Site "Internet"]
[Date "06.02.2023"]
[Round "V1.3"]
[White "So, Wesley"]
[Black "Mamedov, Rauf"]
[Result "1-0"]
[WhiteTitle ""]
[BlackTitle ""]
[WhiteElo "2766"]
[BlackElo "2646"]
[WhiteFideId "5202213"]
[BlackFideId "13401653"]
[EventDate "2023.02.06"]

1. d4 Nf6 2. c4 g6 3. Nc3 Bg7 4. e4 d6 5. Be2 O-O 6. Nf3 e5 7. O-O exd4 8. Nxd4
Re8 9. f3 c6 10. Kh1 d5 11. cxd5 cxd5 12. Bg5 Nc6 13. Bb5 h6 14. Nxc6 bxc6 15.
Bxc6 hxg5 16. Bxa8 d4 17. Ne2 Bd7 18. Bd5 Nxd5 19. exd5 Bb5 20. Re1 Qxd5 21. Ng3
Rxe1+ 22. Qxe1 d3 23. Qd2 g4 24. fxg4 Bc6 25. g5 Bxb2 26. Rg1 Be5 27. a3 a6 28.
Nf1 Qe4 29. Ng3 Qd5 30. Nf1 Qd4 31. Qe3 Qc3 32. Qb6 Bd4 33. Qb4 Qxb4 34. axb4
Kf8 35. Nd2 Bxg1 36. Kxg1 Ke7 37. Kf2 Kd6 38. g4 Ke5 39. Ke3 Bb5 40. h4 Bd7 41.
Nf3+ Kd6 42. h5 Ke7 43. h6 Kf8 44. Ne5 Be6 45. Kxd3 Kg8 46. Kd4 Bb3 47. Kc5 Bd1
48. Kb6 Be2 49. Kc7 Bd1 50. Kd6 Kf8 51. Nd7+ Kg8 52. Ke7 Bb3 53. Ne5 Bd1 54. Kf6 1-0

[Event "Airthings Divisione 1"]
[Site "Internet"]
[Date "06.02.2023"]
[Round "V1.4"]
[White "Mamedov, Rauf"]
[Black "So, Wesley"]
[Result "1/2-1/2"]
[WhiteTitle ""]
[BlackTitle ""]
[WhiteElo "2646"]
[BlackElo "2766"]
[WhiteFideId "13401653"]
[BlackFideId "5202213"]
[EventDate "2023.02.06"]

1. e4 e5 2. Nf3 Nc6 3. Bc4 Bc5 4. d3 d6 5. c3 Nf6 6. Nbd2 a5 7. h3 O-O 8. Bb3
Be6 9. O-O Bxb3 10. Nxb3 h6 11. Nxc5 dxc5 12. Be3 c4 13. dxc4 Qxd1 14. Raxd1
Nxe4 15. Rfe1 Nf6 16. g4 Rfd8 17. Rxd8+ Rxd8 18. g5 Nh7 19. gxh6 g6 20. b4 f6
21. a3 g5 22. h4 g4 23. Nd2 axb4 24. axb4 Ne7 25. Ne4 Nf5 26. Nxf6+ Nxf6 27. Bg5
Rf8 28. Rxe5 Nd7 29. Re4 Kh7 30. c5 Rf7 31. Rxg4 Nxh6 32. Bxh6 Kxh6 33. Kf1 Kh5
34. Re4 c6 35. Ke2 Nf6 36. Rf4 Re7+ 37. Kf3 Nd5 38. Rf5+ Kxh4 39. b5 Nxc3 40.
bxc6 bxc6 41. Rf6 Rc7 42. Rf5 Re7 43. Rf6 Rc7 44. Rf5 Rc8 45. Kf4 Re8 46. Rf7
Ne2+ 47. Kf5 Nd4+ 48. Kf4 Ne6+ 49. Kf5 Nd4+ 50. Kf4 Kh5 51. Rf6 Ne2+ 52. Kf5
Nd4+ 53. Kf4 Rd8 54. Ke5 Rd5+ 55. Ke4 Rd8 56. f4 Kg4 57. Rg6+ Kh5 58. Rd6 Rxd6
59. cxd6 Ne6 60. Ke5 Nd8 61. d7 Kg6 62. Kd6 Kf6 63. Kc7 Ke7 64. f5 Nf7 65. Kxc6
Ne5+ 66. Kd5 Nxd7 67. f6+ Nxf6+ 1/2-1/2